Comportamiento del consumidor./ (Registro nro. 9190)
[ vista simple ]
| 000 -LEADER | |
|---|---|
| fixed length control field | 01880nam a2200229Ia 4500 |
| 005 - FECHA Y HORA DE LA ÚLTIMA TRANSACCIÓN | |
| control field | 20250614082729.0 |
| 008 - FIXED-LENGTH DATA ELEMENTS--GENERAL INFORMATION | |
| fixed length control field | 230906s9999 xx 000 0 und d |
| 020 ## - INTERNATIONAL STANDARD BOOK NUMBER | |
| International Standard Book Number | 970-686-187-4 |
| 040 ## - CATALOGING SOURCE | |
| Original cataloging agency | UPAN |
| Transcribing agency | Biblioteca San Vicente |
| Description conventions | RCAA2 |
| 041 ## - LANGUAGE CODE | |
| Language code of text/sound track or separate title | spa |
| 082 ## - DEWEY DECIMAL CLASSIFICATION NUMBER | |
| Classification number | 658.834 2 |
| Item number | B533c |
| año de publicación | 2001 |
| 100 ## - MAIN ENTRY--PERSONAL NAME | |
| Personal name | Blackwell, Roger D. |
| Relator code | aut. |
| 245 #0 - TITLE STATEMENT | |
| Title | Comportamiento del consumidor./ |
| Statement of responsibility, etc | Roger D. Blackwell |
| 250 ## - EDITION STATEMENT | |
| Edition statement | 9° ed. |
| 260 ## - PUBLICATION, DISTRIBUTION, ETC. (IMPRINT) | |
| Place of publication, distribution, etc | México: |
| Name of publisher, distributor, etc | Cengage Learning, |
| Date of publication, distribution, etc | 2002 |
| 300 ## - PHYSICAL DESCRIPTION | |
| Extent | 571 p.; |
| Dimensions | 27 cm. |
| 505 ## - FORMATTED CONTENTS NOTE | |
| Formatted contents note | Parte I: introducción al estudio del comportamiento del consumidor.<br/>Capitulo 1. El comportamiento e investigación del consumidor.<br/>Capitulo 2. Como el análisis del consumidor afecta la estrategia de negocios.<br/>Parte II: Toma de decisiones del consumidor.<br/>Capitulo 3. Proceso de decisión del consumidor.<br/>Capitulo 4. Procesos previos a la compra: Reconocimiento de la necesidad, búsqueda y evaluación.<br/>Capitulo 5. Compra.<br/>Capitulo 6. Procesos posteriores a la compra: Consumo y evaluación.<br/>Parte III: Determinantes individuales del comportamiento del consumidor.<br/>Capitulo 7. Demografía, psicográfica y personalidad.<br/>Capitulo 8. Motivación del consumidor.<br/>Capitulo 9. Conocimiento del consumidor.<br/>Capitulo 10. Intenciones, actitudes, creencias y emociones de los consumidores.<br/>Parte IV: Influencia del entorno en el comportamiento del consumidor.<br/>Capitulo 11. Cultura, etnicidad y clase social.<br/>Capitulo 12. Influencias familiar y domestica.<br/>Capitulo 13. Influencia de grupos e individuos.<br/>Parte V: Como influir en el comportamiento del consumidor.<br/>Capitulo 14. Hacer contacto.<br/>Capitulo 15. Modificar la opinión de los consumidores.<br/>Capitulo 16. Como ayudar a los consumidores a recordar. |
| 650 ## - SUBJECT ADDED ENTRY--TOPICAL TERM | |
| Source of heading or term | LEMB |
| General subdivision | Comportamiento del consumidor |
| 700 ## - ADDED ENTRY--PERSONAL NAME | |
| Personal name | W. Miniard, Paul |
| Relator code | aut. |
| 700 ## - ADDED ENTRY--PERSONAL NAME | |
| Personal name | Engel, James F. |
| Relator code | aut. |
| 942 ## - ADDED ENTRY ELEMENTS (KOHA) | |
| Koha item type | Libros |
| Source of classification or shelving scheme | Dewey Decimal Classification |
| Withdrawn status | Lost status | Source of classification or shelving scheme | Damaged status | Not for loan | Collection code | Home library | Current library | Date acquired | Total Checkouts | Full call number | Barcode | Date last seen | Copy number | Price effective from | Koha item type |
|---|---|---|---|---|---|---|---|---|---|---|---|---|---|---|---|
| Dewey Decimal Classification | Colección General | Biblioteca UPAN San Vicente | Biblioteca UPAN San Vicente | 06/09/2023 | 658.834 2 B533c | 12002354 | 06/09/2023 | 01 | 06/09/2023 | Libros | |||||
| Dewey Decimal Classification | Colección General | Biblioteca UPAN San Vicente | Biblioteca UPAN San Vicente | 07/09/2023 | 658.834 2 B533c | 12002355 | 07/09/2023 | 02 | 07/09/2023 | Libros | |||||
| Dewey Decimal Classification | Colección General | Biblioteca UPAN San Vicente | Biblioteca UPAN San Vicente | 07/09/2023 | 658.834 2 B533c | 12002356 | 07/09/2023 | 03 | 07/09/2023 | Libros | |||||
| Dewey Decimal Classification | Colección General | Biblioteca UPAN San Vicente | Biblioteca UPAN San Vicente | 07/09/2023 | 658.834 2 B533c | 12002357 | 07/09/2023 | 04 | 07/09/2023 | Libros | |||||
| Dewey Decimal Classification | Colección General | Biblioteca UPAN San Vicente | Biblioteca UPAN San Vicente | 07/09/2023 | 658.834 2 B533c | 12002358 | 07/09/2023 | 05 | 07/09/2023 | Libros |